| 000 | 00427nam a2200157Ia 4500 | ||
|---|---|---|---|
| 008 | 220216s9999 xx 000 0 und d | ||
| 100 | _aStevens Christopher A | ||
| 245 | 0 | _aFactory testing and control of raw natural rubber and mixing batches using the RPA | |
| 260 |
_bRubber World _c2001 |
||
| 300 | _a30-38 | ||
| 650 | _aMixing | ||
| 650 | _aRaw natural rubber | ||
| 650 | _aRPA | ||
| 700 | _aDick John S | ||
| 942 | _cJS | ||
| 999 |
_c59268 _d59268 |
||